000 00448nam a2200193Ia 4500
005 20240823035123.0
008 240823s9999||||xx |||||||||||||| ||und||
020 _a983-9541-34-x
041 _aENGLISH
082 _A956.94 P3
100 _aIsmail Raji Al Faruqi
245 0 _aIslam ang the Problem of Israel
250 _a1st
260 _c2003
_bThe Other
500 _aYES
650 _aNovel
_bEnglish
942 _cBK
999 _c199928
_d199928